000 01190cam a22002415a 4500
001 L158016
008 121121s2013 xxko f 000 0 eng d
020 _a9781848063457
035 _a(Sirsi) u158016
041 0 _aeng
100 1 _aBalson, Kiruthiga
245 0 4 _aBuilding with confidence using renewable materials
260 _aWatford
_bBRE
_c2013
300 _a16p.
_bill.
_c30cm.
490 0 _aBRE Information Paper
_v(13/13)
505 2 _aRenewable materials: an overview -- Renewable materials applications -- Case studies -- References -- Tables
520 _aProvides holistic view of renewable building materials industry by outlining the drivers and barriers for these materials, listing the range of applications and highlighting aspects to consider in specifying these materials. For the purpose of this publication, renewable materials are defined as construction products derived from agricultural crops grown for non-food uses and other plant and animal sources.
521 _aAdvanced
590 _aKA
651 4 _aUnited Kingdom
_y
690 _aBUILT ENVIRONMENT-BUILDING MATERIALS-NON TIMBER ANIMAL AND VEGETABLE MATERIALS-VEGETABLE MATERIAL
942 _n0
999 _c115078
_d115078